| 000 | 01179nam a2200289 i 4500 | ||
|---|---|---|---|
| 003 | DO-SdBNP | ||
| 005 | 20250321093645.0 | ||
| 006 | a||||gr|||| 00| 0 | ||
| 007 | ta | ||
| 008 | 240119e1991 dr |||| |||| 00| e spa d | ||
| 040 |
_aDO-SdBNP _bspa _cBNPHU _erda |
||
| 041 | _aspa | ||
| 082 | 4 |
_a158.1 _bA561h _222 |
|
| 100 | 1 |
_aAndrés, Mateo _eautor _4aut. _970051 |
|
| 245 | 1 | 3 |
_aEl hombre en busca de felicidad : _breflexiones psicológico-espirituales sobre la felicidad humana / _cMateo Andrés. |
| 264 |
_aSanto Domingo : _bEdiciones MSC, _c1991 |
||
| 300 |
_a215 páginas ; _c22 cm. |
||
| 336 |
_atexto _btxt _2rdacontent |
||
| 337 |
_asin mediación _bn _2rdamedia |
||
| 338 |
_avolumen _bnc _2rdacarrier |
||
| 500 | _aAlgunos capítulos de este libro son artículos que el autor ha ido publicando durante estos últimos años en Revista Amigo del Hogar. | ||
| 505 |
_aPresupuesto, siempre hay esperanza -- _tPrimera parte: Amar y ser amado -- Hacerse feliz -- Segunda parte: Hacerse feliz -- Tercera parte: Hacerse hombre. |
||
| 650 | 4 |
_aActitud (psicologica) _945938 |
|
| 650 | 4 | _aAutorrealización (psicología) | |
| 650 | 4 |
_aDesarrollo humano _9213 |
|
| 942 |
_2ddc _cLBS1 |
||
| 999 |
_c55735 _d55735 |
||